000 01305nam a2200361 i 4500
001 000002194
003 DO-SdBNP
005 20240228130646.0
007 ta
008 090701s2022 dr 001 0 spa d
020 _a9789945222388
040 _aDO-SdBNP
_bspa
_cBNPHU
_erda
082 _a305.897293
_bR763r
_222
100 1 _aRomero, Santo
_97021
245 1 0 _aRaíces étnico-culturales y divisiones territoriales de nuestra isla /
_cSanto Romero.
250 _a2a. edición reformada y ampliada
264 _aSanto Domingo :
_bBúho,
_c2022.
300 _a520 paginas. :
_bil., mapa. ;
_c22 cm.
336 _2rdacontent
_atexto
_btxt
337 _2rdamedia
_asin mediación
_bn
338 _2rdacarrier
_avolumen
_bnc
590 _aLa biblioteca posee 3 ejemplares autografiados por el autor
590 _aInventariado, 2022
650 4 _aEtnología
_zRepública Dominicana
_96407
650 4 _aCiudades y pueblos
_zRepública Dominicana
_9784
650 4 _aEducación
_zRepública Dominicana
_9737
651 4 _aRepública Dominicana
_zVida Social Y Costumbres
_97022
651 4 _aRepública Dominicana
_xCondiciones Económicas
_9281
651 4 _aRepública Dominicana
_xHistoria
_9170
651 _aRepública Dominicana
_xGeografía Histórica
_97023
910 _aDG
942 _2ddc
_cLBS1
999 _c53500
_d53500